| 000 | 00724cam a22002535a 4500 | ||
|---|---|---|---|
| 001 | 016713596 | ||
| 003 | OSt | ||
| 005 | 20160727130755.0 | ||
| 008 | 140324s2014 enk frb 001 0 eng d | ||
| 020 | _a9780230302754 (pbk.) | ||
| 040 |
_aStDuBDS _beng _cStDuBDS _dUk _dEG-ScBUE |
||
| 082 | 0 | 4 |
_222 _a323.0 _bWOO |
| 100 | 1 |
_aWoods, Kerri, _940476 |
|
| 245 | 1 | 0 |
_aHuman rights / _cKerri Woods. |
| 260 |
_aHampshire ; _aNew York : _bPalgrave Macmillan, _c2014. |
||
| 300 |
_axi, 209 p. ; _c23 cm. |
||
| 490 | 0 | _aIssues in political theory. | |
| 500 | _aIndex : p. 207-209. | ||
| 504 | _aBibliography : p. 190-206. | ||
| 650 | 7 |
_aHuman rights. _2BUEsh _911033 |
|
| 651 | _2BUEsh | ||
| 653 |
_bLLAAWW _cJuly2016 |
||
| 942 | _2ddc | ||
| 999 |
_c22043 _d22015 |
||